| 000 | 00894nam a2200193Ia 4500 | ||
|---|---|---|---|
| 003 | GCL | ||
| 005 | 20240530103805.0 | ||
| 008 | 140319s9999 xx 000 0 ara d | ||
| 040 |
_aGCL / _cGCL |
||
| 082 | 0 | 4 |
_a916.2/ _bق/م ك _221 |
| 100 | 1 | _aالمقريزى : تقى الدين ابو العباس احمد بن على بن عبدالقادر بن محمد الحسينى العبيدى | |
| 245 | 1 | 0 |
_aكتاب المواعظ والاعتبار بذكر الخطط والاثار خطط المقريزى / _cالمقريزى : تقى الدين ابو العباس احمد بن على بن عبدالقادر بن محمد الحسينى العبيدى |
| 300 |
_aمتعدد ؛ _c40 سم |
||
| 650 | 0 | 4 | _aالاحوال الاجتماعية |
| 650 | 0 | 4 | _aالعادات والتقاليد |
| 650 | 0 | 4 | _aالعصر المملوكى |
| 650 | 0 | 4 | _aمصر - تاريخ |
| 942 |
_2ddc _cBK |
||
| 999 |
_c42514 _d42514 |
||